| 000 | 00831nam a2200241 a 4500 | ||
|---|---|---|---|
| 005 | 20231017063724.0 | ||
| 008 | 181128s2018 mx r 000 0 spa d | ||
| 020 | _a9786073001489 (UNAM) | ||
| 020 | _a9786079794903 (Monosílabo) | ||
| 035 | _aUPN01000228121 | ||
| 049 | _aCG | ||
| 050 | 4 |
_aGF71 _bG6.4 |
|
| 100 | 1 |
_aGonzález Luna, Fabián _942473 |
|
| 245 | 1 | 0 |
_aGeografía y violencia : _buna aproximación conceptual al fundamento espacial de la violencia estructural / _cFabián González Luna. |
| 260 |
_aMéxico : _bUNAM : _bMonosílabo, _c2018. |
||
| 300 |
_a214 p. : _bil., cuadros |
||
| 440 | 0 | _aEspacio, dominacion y violencia | |
| 650 | 4 |
_aVIOLENCIA - _xASPECTOS AMBIENTALES _927333 |
|
| 650 | 4 |
_aViolencia _xAspectos sociales _911721 |
|
| 650 | 4 |
_aVIOLENCIA URBANA _927335 |
|
| 905 | _aLibro | ||
| 999 |
_c200216 _d200216 |
||